000 00633nam a2200181 i 4500
001 20484
003 ES-MaACL
005 20230906152319.0
007 t|
008 021113s1962 sp ||||1| spa d
100 0 _aAgustín
_cSanto, Obispo de Hipona.
_9125563
245 1 3 _aLa vida religiosa /
_cSan Agustín, Obispo de Hipona ; antología de textos e introducción de Otto Karrer ; versión española de Victorino Capanaga, O.R.S.A.
260 _aMadrid :
_bAvgvstinus,
_c1962.
300 _a433 p. ;
_c21 cm.
700 1 _aKarrer, Otto.
_967581
700 1 _aCapanaga, Victorino.
_934776
852 _aES-MaACL
_jC-21453
_bR.49841
999 _c20484
_d20484